Normal view
MARC view
Entry Personal Name
001 - CONTROL NUMBER
- control field: 73969
003 - CONTROL NUMBER IDENTIFIER
- control field: dpl
005 - DATE AND TIME OF LATEST TRANSACTION
- control field: 20241114171124.0
008 - FIXED-LENGTH DATA ELEMENTS
- fixed length control field: 241114|| aca||aabn | a|a d
040 ## - CATALOGING SOURCE
- Original cataloging agency: dpl
- Transcribing agency: dpl
100 ## - HEADING--PERSONAL NAME
- Personal name: Murthy, K. Ramachandra
670 ## - SOURCE DATA FOUND
- Source citation: Work cat.: (dpl)206994: Murthy, K. Ramachandra, Unveiling Telangana State/, 2021
